000 00717nam a2200229 i 4500
001 72273
003 ES-MaACL
005 20230906171402.0
007 t|
008 040830s1983 sp ||||1| spa d
100 1 _aGiménez Caballero, Ernesto,
_d1899-1988
_957038
245 1 0 _aNotas marruecas de un soldado /
_cErnesto Giménez Caballero.
250 _a1ª ed.
260 _a[Barcelona] :
_bPlaneta,
_c1983.
300 _a186 p. ;
_c20 cm.
490 1 _aNarrativa ;
_v67
600 1 4 _aGiménez Caballero, Ernesto,
_d1899-1988
_957038
650 4 _aGuerra del Rif, 1921-1926-
_vRelatos personales.
_9158334
830 1 _aNarrativa ;
_v67
_9177839
852 _aES-MaACL
_jL-6574
999 _c72273
_d72273